| Tag |
First Indicator |
Second Indicator |
Subfields |
| LEADER |
00000cam a2200000 a 4500 |
| 001 |
in00001353921 |
| 005 |
20151006071143.0 |
| 007 |
hd afu---baca |
| 008 |
850416s1847 maua ja 000 0 eng d |
| 035 |
|
|
|a (OCoLC)11928195
|
| 035 |
|
|
|9 AHH2528AM
|
| 040 |
|
|
|a IBS
|c IBS
|d POF
|d UtOrBLW
|
| 049 |
|
|
|a TXAI
|
| 090 |
|
|
|a PS586
|b .A450 pt. 2, no. 878
|
| 099 |
|
|
|a film
|a B
|a 3870
|a Segment II, no. 878)
|
| 100 |
1 |
|
|a Fox, Mary Anna.
|
| 245 |
1 |
4 |
|a The discontented robins :
|b and other stories, for the young /
|c by Mary Anna Fox.
|
| 264 |
|
1 |
|a Boston :
|b C. Fox,
|c [1847]
|
| 264 |
|
4 |
|c [©1847]
|
| 300 |
|
|
|a 131 pages :
|b illustrations ;
|c 17 cm.
|
| 336 |
|
|
|a text
|b txt
|2 rdacontent
|
| 337 |
|
|
|a microform
|b h
|2 rdamedia
|
| 338 |
|
|
|a microfilm reel
|b hd
|2 rdacarrier
|
| 533 |
|
|
|a Microfilm.
|b New Haven, Conn. :
|c Research Publications,
|d 1975.
|e 1 microfilm reel ; 35 mm.
|f (American Poetry, 1609-1900 ; Segment II, no. 878)
|
| 539 |
|
|
|a s
|b 1975
|d ctu
|e n
|
| 500 |
|
|
|a Microform.
|
| 999 |
|
|
|a MARS
|
| 999 |
f |
f |
|s 8f12a14e-6005-39f7-8ef6-a2291696b4fb
|i 14250fc8-ce46-32ce-ab14-2cd24f66bc69
|t 0
|
| 952 |
f |
f |
|p default
|a Texas A&M University
|b College Station
|c Sterling C. Evans Library
|d Evans: Microforms (3rd floor)
|t 0
|e film B 3870 Segment II, no. 878
|h Other scheme
|i microform -- microfilm reel
|
| 998 |
f |
f |
|a film B 3870 Segment II, no. 878
|t 0
|l Evans: Microforms (3rd floor)
|